The anatomy of a church / (Record no. 9481)

MARC details
000 -LEADER
fixed length control field 00893cam a2200277 a 4500
001 - CONTROL NUMBER
control field 2878849
003 - CONTROL NUMBER IDENTIFIER
control field GBCCL
005 - DATE AND TIME OF LATEST TRANSACTION
control field 20241126110713.0
008 - FIXED-LENGTH DATA ELEMENTS--GENERAL INFORMATION
fixed length control field 860703t19861984ilu 001 0 eng
010 ## -
-- 86017997
020 ## - INTERNATIONAL STANDARD BOOK NUMBER
International Standard Book Number 0802451322 (pbk.)
040 ## - CATALOGING SOURCE
Original cataloging agency DLC
Transcribing agency DLC
Modifying agency DLC
050 00 -
-- BS2545.C5
-- M3 1986
082 00 - DEWEY DECIMAL CLASSIFICATION NUMBER
Classification number 262
Edition information 19
Item number MAC
100 1# - MAIN ENTRY--PERSONAL NAME
Personal name MacArthur, John,
Dates associated with a name 1939-
9 (RLIN) 1165
245 14 - TITLE STATEMENT
Title The anatomy of a church /
Statement of responsibility, etc. by John MacArthur, Jr.
260 ## - PUBLICATION, DISTRIBUTION, ETC.
Place of publication, distribution, etc. Panorama City :
Name of publisher, distributor, etc. Word of Grace communications,
Date of publication, distribution, etc. c1984.
300 ## - PHYSICAL DESCRIPTION
Extent 136 p. ;
Dimensions 22 cm.
490 1# - SERIES STATEMENT
Series statement John MacArthur's Bible studies
500 ## - GENERAL NOTE
General note Includes index.
630 00 - SUBJECT ADDED ENTRY--UNIFORM TITLE
Uniform title Bible.
Name of part/section of a work New Testament
General subdivision Criticism, interpretation, etc.
9 (RLIN) 338
650 #0 - SUBJECT ADDED ENTRY--TOPICAL TERM
Topical term or geographic name entry element Church
General subdivision Biblical teaching.
9 (RLIN) 6223
800 1# -
-- MacArthur, John,
-- 1939-
-- Bible studies.
-- 8395
906 ## - LOCAL DATA ELEMENT F, LDF (RLIN)
a 7
b cbc
c orignew
d 1
e ocip
f 19
g y-gencatlg
942 ## - ADDED ENTRY ELEMENTS (KOHA)
Source of classification or shelving scheme Dewey Decimal Classification
Koha item type Books
Holdings
Withdrawn status Lost status Source of classification or shelving scheme Damaged status Not for loan Home library Current Library Shelving location Date acquired Total checkouts Full call number Barcode Date last seen Copy number Price effective from Koha item type
    Dewey Decimal Classification     GRACE BIBLE COLLEGE GRACE BIBLE COLLEGE Ministry & Mission 2023-01-30   262 MAC 020403 2025-05-01 c.1 2023-01-30 Books
© Grace Bible College Library 2025